000 00703nam a2200241Ia 4500
003 OSt
005 20220918191935.0
006 a|||||r|||| 00| 0
007 ta
008 220917b |||||||| |||| 00| 0 eng d
024 _a66,036
037 _cTextual
040 _aARTS
_cARTS
_beng
041 _2eng
_aeng
082 _aR2,17, N3
100 _aDevaraja N K
_926318
245 0 _aLimits of disagreement
_b an essays on reasoning in hymanistic disciplines
260 _aShimla
_bIndian Institute of Advanced Study India
_c1993
490 _aIndian institute of asvanced study
650 _aPHILOSOPHY
942 _hR2,17, N3
_cTEXL
_2CC
999 _c192270
_d192270